北海道の道の駅 - Statistics

General Stats
  • This quiz has been taken 137 times
  • The average score is 56 of 127
Answer Stats
自治体 道の駅 % Correct
三笠市 三笠
89%
美深町 びふか
76%
音更町 おとふけ
73%
南富良野町 南ふらの
71%
岩内町 いわない
71%
江差町 江差
69%
旭川市 あさひかわ
69%
音威子府村 おといねっぷ
67%
芦別市 スタープラザ芦別
64%
中札内村 なかさつない
64%
白糠町 しらぬか恋問
62%
厚沢部町 あっさぶ
62%
島牧村 よってけ!島牧
62%
更別村 さらべつ
62%
天塩町 てしお
62%
鹿追町 しかおい
62%
千歳市 サーモンパーク千歳
62%
稚内市 わっかない
62%
赤井川村 あかいがわ
62%
滝川市 たきかわ
60%
新ひだか町 みついし
58%
知内町 しりうち
58%
当麻町 とうま
58%
余市町 スペース・アップルよいち
58%
新篠津村 しんしのつ
58%
幕別町 忠類
56%
興部町 おこっぺ
56%
雄武町 おうむ
56%
黒松内町 くろまつない
56%
中川町 なかがわ
56%
留萌市 るもい
56%
遠別町 えんべつ富士見
53%
弟子屈町 摩周温泉
53%
神恵内村 オスコイ!かもえない
53%
羽幌町 ほっと・はぼろ
53%
佐呂間町 サロマ湖
53%
豊浦町 とようら
53%
遠軽町 まるせっぷ
51%
室蘭市 みたら室蘭
51%
深川市 ライスランドふかがわ
51%
剣淵町 絵本の里けんぶち
51%
苫小牧市 ウトナイ湖
51%
夕張市 夕張メロード
51%
小平町 おびら鰊番屋
49%
釧路市 阿寒丹頂の里
49%
中頓別町 ピンネシリ
49%
遠軽町 しらたき
49%
士幌町 しほろ温泉
49%
浦幌町 うらほろ
49%
日高町 樹海ロード日高
47%
美幌町 ぐるっとパノラマ美幌峠
47%
斜里町 しゃり
47%
網走市 流氷街道網走
47%
上士幌町 かみしほろ
47%
喜茂別町 望羊中山
44%
厚岸町 厚岸グルメパーク
44%
北竜町 サンフラワー北竜
44%
紋別市 オホーツク紋別
44%
奈井江町 ハウスヤルビ奈井江
44%
上ノ国町 上ノ国もんじゅ
44%
ニセコ町 ニセコビュープラザ
44%
福島町 横綱の里ふくしま
44%
洞爺湖町 あぷた
44%
根室市 スワン44ねむろ
44%
せたな町 てっくいランド大成
42%
歌志内市 うたしないチロルの湯
42%
秩父別町 鐘のなるまち・ちっぷべつ
42%
北見市 おんねゆ温泉
40%
函館市 なとわ・えさん
40%
小清水町 はなやか(葉菜野花)小清水
40%
大樹町 コスモール大樹
40%
大空町 メルヘンの丘めまんべつ
40%
津別町 あいおい
40%
鹿追町 うりまく
40%
名寄市 もち米の里☆なよろ
40%
別海町 おだいとう
40%
安平町 あびらD51(デゴイチ)ステーション
40%
枝幸町 マリーンアイランド岡島
38%
猿払村 さるふつ公園
38%
羅臼町 知床・らうす
38%
伊達市 だて歴史の杜
38%
恵庭市 花ロードえにわ
38%
本別町 ステラ★ほんべつ
38%
七飯町 なないろ・ななえ
38%
滝上町 香りの里たきのうえ
36%
雨竜町 田園の里うりゅう
36%
浦臼町 つるぬま
36%
占冠村 自然体感しむかっぷ
36%
松前町 北前船 松前
36%
士幌町 ピア21しほろ
36%
足寄町 あしょろ銀河ホール21
36%
壮瞥町 そうべつ情報館i(アイ)
36%
湧別町 かみゆうべつ温泉チューリップの湯
33%
長沼町 マオイの丘公園
33%
新冠町 サラブレッドロード新冠
33%
西興部村 にしおこっぺ花夢
33%
蘭越町 シェルプラザ・港
33%
真狩村 真狩フラワーセンター
33%
美瑛町 びえい「丘のくら」
33%
寿都町 みなとま~れ寿都
33%
洞爺湖町 とうや湖
33%
大空町 ノンキーランド ひがしもこと
33%
美瑛町 びえい「白金ビルケ」
33%
森町 YOU・遊・もり
33%
幌加内町 森と湖の里ほろかない
31%
むかわ町 むかわ四季の館
31%
東川町 ひがしかわ「道草館」
31%
函館市 縄文ロマン 南かやべ
31%
木古内町 みそぎの郷 きこない
31%
遠軽町 遠軽 森のオホーツク
31%
乙部町 ルート229元和台
31%
留寿都村 230ルスツ
31%
初山別村 ☆ロマン街道しょさんべつ
29%
清里町 パパスランドさっつる
29%
士別市 羊のまち 侍・しべつ
29%
湧別町 愛ランド湧別
27%
京極町 名水の郷きょうごく
27%
斜里町 うとろ・シリエトク
27%
鹿部町 しかべ間歇泉公園
27%
浜頓別町 北オホーツクはまとんべつ
27%
音更町 ガーデンスパ十勝川温泉
24%
陸別町 オーロラタウン93りくべつ
24%
蘭越町 らんこし・ふるさとの丘
22%
当別町 北欧の風 道の駅とうべつ
22%
石狩市 石狩「あいろーど厚田」
22%
森町 つど~る・プラザ・さわら
18%
苫前町 風Wとままえ
18%
No matching quizzes found
Score Distribution
Percent of People with Each Score
Percentile by Number Answered
Your Score History
You have not taken this quiz